Histoire de la guerre du peloponnese
Αποθηκεύτηκε σε:
| Κύριος συγγραφέας: | |
|---|---|
| Μορφή: | Βιβλίο |
| Γλώσσα: | French |
| Δημοσίευση: |
Paris :
Flammarion,
1966
|
| Θέματα: | |
| Ετικέτες: |
Προσθήκη ετικέτας
Δεν υπάρχουν, Καταχωρήστε ετικέτα πρώτοι!
|
MARC
| LEADER | 00000nam a2200000 i 4500 | ||
|---|---|---|---|
| 001 | 1/85011 | ||
| 008 | 981014s1966 fre d | ||
| 020 | |a 2-08-070081-2 (v.1) | ||
| 020 | |a 2-08-070088-X (v.2) | ||
| 035 | |l 10034588 | ||
| 040 | |a GR-MY-UA |b gre |e aacr | ||
| 041 | 0 | |a fre | |
| 082 | 0 | |a 938.05 | |
| 100 | 0 | |a Θουκυδίδης, |d 470-394. | |
| 245 | 1 | 0 | |a Histoire de la guerre du peloponnese / |c Thucycide ; traduction et introduction par Jean Voilquin |
| 260 | |a Paris : |b Flammarion, |c 1966 | ||
| 300 | |a 2 v. | ||
| 651 | 0 | |a Greece |x History |y Peloponnesian War, 431-404 B.C. | |
| 852 | |a INST |b RHODES |e 19981014 |h 938.05 ΘΟΥ |p 005400006756 |q 005400006756 |t BK |y 0 |z v.1 | ||
| 852 | |a INST |b RHODES |e 19981014 |h 938.05 ΘΟΥ |p 005400006757 |q 005400006757 |t BK |y 0 |z v.2 | ||
| 852 | |a INST |b RHODES |e 19981014 |h 938.05 ΘΟΥ |p 005400006756 |q 005400006756 |t BK |v v.1: |y 0 |z v.1 | ||
| 852 | |a INST |b RHODES |e 19981014 |h 938.05 ΘΟΥ |p 005400006757 |q 005400006757 |t BK |v v.2: |y 0 |z v.2 | ||
| 853 | |a INST |b RHODES |h 938.05 ΘΟΥ | ||
| 909 | |a Ρ |b 042294 |c 1996 | ||
| 909 | |a Ρ |b 042295 |c 1996 | ||
| 922 | |a 4ΕΛΗ |b 199612 |c ΧΡΙΣΤΟΔΟΥΛΙΔΟΥ |d LEADER | ||